Szczegóły MARC21

Topographien der Literatur : Deutsche Literatur im transnationalen Kontext : [DFG-Symposion 2004] /

005 -DATA I CZAS OSTATNIEJ MODYFIKACJI [,]
    • @
    • pole kontrolne
    • 20111230085711.0
020 -Międzynarod. znormalizowany nr książki - ISBN [ , ]
    • a
    • Numer ISBN
    • 9783476021175 Find
020 -Międzynarod. znormalizowany nr książki - ISBN [ , ]
    • a
    • Numer ISBN
    • 3476021173 Find
040 -Instytucja sporządzająca opis [ , ]
    • c
    • Instytucja, która sporządziła rekord (NP)
    • SZCZ U/BK
    • a
    • Instytucja, która sporządziła opis (NP)
    • SZCZ U/KLR
    • d
    • Instytucja, która zmodyfikowała rekord (P)
    • SZCZ U/JŚ
041 -Język dokumentu [0, ]
    • a
    • Język tekstu (P)
    • niemiecki
044 -Kraj miejsca wydania [ , ]
    • a
    • Kraj miejsca wydania
    • Niemcy
942 -Rodzaj dokumentu [ , ]
    • c
    • Rodzaj dokumentu
    • Książka
245 -Strefa tytułu i oznaczenia odpowiedzialności [0,0]
    • a
    • Tytuł
    • Topographien der Literatur : Find
    • b
    • Ciąg dalszy tytułu (NP)
    • Deutsche Literatur im transnationalen Kontext : [DFG-Symposion 2004] / Find
    • c
    • Pozostałe elementy strefy tytułu i oznaczenia odpowiedzialności (NP)
    • hrsg. von Hartmut Böhme.
260 -Strefa adresu wydawniczego [ , ]
    • a
    • Miejsce wydania (P)
    • Stuttgart ;
    • a
    • Miejsce wydania (P)
    • Weimar :
    • b
    • Nazwa wydawcy (P)
    • Verlag J. B. Metzler,
    • c
    • Data wydania (P)
    • cop. 2005.
300 -Strefa opisu fizycznego [ , ]
    • a
    • Określenie formy książki i/lub objętość (NP)
    • XXIII, 792 s. :
    • b
    • Oznaczenie ilustracji (NP)
    • il. ;
    • c
    • Format (NP)
    • 23 cm.
490 -Strefa serii i książki wielotomowej - forma nie do wyszukiwania [1, ]
    • a
    • Tytuł (P)
    • Germanistische Symposien Berichtsbände ; Find
    • v
    • Numeracja (P)
    • 27
830 -Hasło dodatkowe serii i opisu książki wielotomowej - tytuł ujednolicony/tytuł [ ,0]
    • 9
    • KHW
    • 28505
    • a
    • Tytuł ujednolicony/tytuł (NP)
    • Germanistische-Symposien-Berichtsbände
    • v
    • Oznaczenie tomu (NP)
    • 27
    • x
    • ISSN
    • 0936-3890
504 -Uwaga dot. bibliogr. załącznikowej [ , ]
    • a
    • Uwaga dot. bibliografii załącznikowej
    • Ind.
080 -Uniwersalna Klasyfikacja Dziesiętna [ , ]
    • 2
    • Identyfikator wydania tablic
    • UDC-P058
    • 9
    • UKD
    • 8568
    • a
    • Symbol klasyfikacji
    • 821.112.2(091)
    • b
    • Dopowiedzenie
    • Literatura niemiecka (historia).
    • 4
    • UKD2
    • 7641
    • x
    • Poddział wspólny
    • (061)
    • c
    • Dopowiedzenie poddz. wspólnego
    • (Wydawnictwa odnoszące się do konferencji, zjazdów itd. Sprawozdania z konferencji).
    • 4
    • UKD2
    • 7631
    • x
    • Poddział wspólny
    • =112.2
    • c
    • Dopowiedzenie poddz. wspólnego
    • =Język niemiecki (wysokoniemiecki, standardowy niemiecki).
980 -Symbol UKD [ , ]
    • a
    • UKD
    • 821.112.2(091)(061)=112.2
700 -Hasło dodatkowe - nazwa osobowa [1, ]
    • 9
    • KHW
    • 28506
    • a
    • Nazwa osobowa (NP)
    • Böhme, Hartmut Find
    • d
    • Daty biograficzne (NP)
    • (1944- ).
    • e
    • Określenie rodzaju współpracy
    • Red.
920 -ISBN [ , ]
    • a
    • ISBN
    • 978-3-476-02117-5 Find
920 -ISBN [ , ]
    • a
    • ISBN
    • 3-476-02117-3 Find
Status udost. Sygnatura Lokalizacja Data inwentaryzacji Numer inwentarzowy Obwoluta
1GERM. Literaturoznawstwo 39BM2011-12-16G.188531